Five Countries with Greatest Longitude Change by Continent, with a Map - Statistics

General Stats
  • This quiz has been taken 435 times
  • The average score is 24 of 30
Answers on the Map
Answers color-coded by a green-red scale on the quiz's map according to % correct below.
 
Answer Stats
Continent Country % Correct
North America United States
99%
North America Canada
98%
Europe Russia
98%
South America Brazil
97%
Asia China
96%
North America Mexico
96%
Oceania Australia
95%
South America Argentina
93%
Europe United Kingdom
91%
Africa Algeria
90%
Africa DRC
89%
Europe France
88%
Asia Kazakhstan
87%
South America Colombia
86%
Asia Indonesia
84%
South America Chile
82%
Asia Mongolia
81%
North America Cuba
80%
Oceania New Zealand
79%
Africa South Africa
78%
Africa Sudan
78%
Oceania Papua New Guinea
75%
Africa Mali
72%
Oceania Kiribati
71%
Oceania FS Micronesia
70%
Europe Denmark
68%
Asia Japan
62%
North America Bahamas
61%
South America Ecuador
55%
Europe Netherlands
37%
No matching quizzes found
Score Distribution
Percent of People with Each Score
Percentile by Number Answered
Your Score History
You have not taken this quiz